Les tennisman 2023 (photo) - Statistiques

Statistiques générales
  • Ce quiz a été pris 630 fois
  • Le résultat moyen est 15 sur 20
Statistiques - réponses
Par images Réponse % Correct
Novak Djokovic
100%
Carlos Alcaraz
98%
Stefanos Tsitsipas
96%
Daniil Medvedev
94%
Alexander Zverev
92%
Jannik Sinner
92%
Holger Rune
89%
Stanislas Wawrinka
86%
Andrey Rublev
85%
Frances Tiafoe
84%
Casper Ruud
83%
Taylor Fritz
78%
Alex de Minaur
67%
Grigor Dimitrov
66%
Hubert Hurkacz
63%
Denis Shapovalov
61%
Alejandro Davidovich Fokina
59%
Cameron Norrie
59%
Tommy Paul
50%
Borna Coric
41%
Aucun quiz correspondant
Distribution des résultats
% des personnes avec chaque résultat
Percentile par nombre de réponses
Votre historique - résultats
Vous n’avez pas pris ce quiz